000 00478nam a2200157Ia 4500
008 231217s9999 xx 000 0 und d
041 _aEnglish
082 _a001.6424UNI SHI;2
100 _aShivakumarswamy, N
245 0 _aUnix system programming : for VI sem. BE CS/IS and engineering as per revised VTU syllabus
250 _a1st ed.
260 _c2003
_bShiva Book Centre,
_aBangalore
300 _a266
650 _aUnix,programming,:,VI,sem.,BE,CS/IS
942 _cAA
999 _c178085
_d178085